000 00812nam a2200277Ia 4500
001 Para_2002
003 CHAP
008 220125s1991 xx 000 0 und d
010 _a198909
040 _cCHAP
082 _aPA 595.7 D38y 1991
100 _aDavies, R.G.
_931227
245 _aIntroducción a la entomología /
_c por R.G. Davies; traducción Manuel Arroyo Varela, Elisa Viñuela Sandoval
260 _aMadrid, España :
_b Mundi-Prensa
300 _a449 p.
500 _aTrad. de : Outlines of entomology
650 _aEntomología
_937113
700 _aViñuela Sandoval , Elisa
_9164209
901 _aPA 595.7 D38Y 1991
902 _aA
905 _a0000001991 a 0000000000 00
910 _a1991
942 _cPARA
942 _cPARA
_d1
999 _c198909
_d198909